Visualizzazione normale
Vista MARC
- Columba Marmion,
di Personal Name
Records bibliografici associati: 6
001 - CONTROL NUMBER
- control field: 4418
003 - CONTROL NUMBER IDENTIFIER
- control field: IT-RoINE
005 - DATE AND TIME OF LATEST TRANSACTION
- control field: 20140306122514.0
008 - FIXED-LENGTH DATA ELEMENTS
- fixed length control field: 140306|| aca||aabn | a|a d
040 ## - CATALOGING SOURCE
- Original cataloging agency: IT-RoINE
- Transcribing agency: IT-RoINE
100 ## - HEADING--PERSONAL NAME
- Personal name: Columba Marmion,
- Titles and other words associated with a name: Beato,
- Dates associated with a name: 1858-1923
670 ## - SOURCE DATA FOUND
- Source citation: Work cat.: (IT-RoINE)0: Columba Marmion, Beato, 1858-1923, Jesucristo, vida del alma /, 1993.